Iniciatives locals d'ocupació
ISBN:
84-7794-422-9
Descripción Física:
191 p. ; 23 cm
Colección:
Eines per al Desenvolupament Local ; 4
MARC
| LEADER | 00000nam a2200000Ia 4500 | ||
|---|---|---|---|
| 001 | 11190 | ||
| 008 | 160829s1995 xx 000 0 cat d | ||
| 020 | |a 84-7794-422-9 | ||
| 080 | |a M-2-111 | ||
| 245 | |a Iniciatives locals d'ocupació | ||
| 260 | |a Barcelona : |b Diputació de Barcelona. Servei de Promoció Econòmica, |c 1995 | ||
| 300 | |a 191 p. ; |c 23 cm | ||
| 490 | |a Eines per al Desenvolupament Local ; 4 | ||
| 590 | |a A la portada, INEM Barcelona | ||
| 650 | 0 | |a Política d'ocupació |9 7017 | |
| 650 | 0 | |a Ocupació, Cerca d' |z Barcelona (Catalunya : Província) |9 49416 | |
| 710 | |9 53915 |a Barcelona (Catalunya : Província). |b Servei de Promoció Econòmica | ||
| 901 | |a Arxiu | ||
| 942 | |n 1 |2 udc | ||
| 952 | |0 0 |1 0 |4 0 |6 M2111 |7 1 |9 46510 |a Arxiu |b Arxiu |d 2016-12-01 |l 0 |o M-2-111 |p 11190 |r 2016-12-01 00:00:00 |w 2016-12-01 |y ARXIU | ||
| 999 | |c 50301 |d 50301 | ||